000 00474nam a2200193Ia 4500
005 20240823050321.0
008 240823s9999||||xx |||||||||||||| ||und||
020 _a81-239-0507-6
041 _aENGLISH
082 _A603 P0
100 _aWilson R A
245 2 _aA Dictionary of Technical Terms
250 _a1st
260 _c2000
_b"CBS Publishers & Distributors,New "
500 _aYES
650 _aTechnical Education
_bGeneral
942 _cBK
999 _c216970
_d216970